Bilecik Bilecik Bilecik Bilecik Bilecik

Evliya Çelebi seyahatnamesi : (Record no. 66377)

MARC details
000 -BAŞLIK
Sabit Uzunluktaki Kontrol Alanı 02262nam a22004097a 4500
001 - KONTROL NUMARASI
Control Dosyası 0065994
003 - KONTROL NUMARASI KİMLİĞİ
Kontrol Alanı KOHA_MİRAKIL
005 - EN SON İŞLEM TARİHİ ve ZAMANI
Kontrol Alanı 20260207004624.0
007 - FİZİKSEL TANIM SABİT ALAN - GENEL BİLGİ
Sabit uzunluklu kontrol alanı ta
008 - SABİT UZUNLUKTAKİ VERİ ÖGELERİ - GENEL BİLGİ
Sabit Alan 210304b1993 tu a|||gr||||#0|||0|tur |
040 ## - KATALOGLAMA KAYNAĞI
Özgün Kataloglama Kurumu TR-BiSEU
Kataloglama Dili tur
Çeviri Kurumu TR-BiSEU
Açıklama Kuralları rda
041 0# - DİL KODU
Metin ya da ses kaydının dil kodu tur
044 ## - YAYINLAYAN/ÜRETEN KURULUŞUN ÜLKE KODU
ISO country code tu
050 ## - SINIFLAMA ve YER NUMARASI
Sınıflama Numarası G460
Yer Numarası .E95 1993
100 0# - KİŞİ ADI
Yazar Adı (Kişi adı) Evliya Çelebi.
240 10 - TEK BİÇİM BAŞLIK
Tekbiçim Başlık <a href="The seyahatname of Evliya Çelebi : facsimile of Topkapı Sarayı Bağdat 304">The seyahatname of Evliya Çelebi : facsimile of Topkapı Sarayı Bağdat 304</a>
Language of a work Türkçe
245 1# - ESER ADI BİLDİRİMİ
Başlık Evliya Çelebi seyahatnamesi :
Alt Eseradı vb. Topkapı Sarayı Bağdat 304 yazmasının tıpkıbasımı =
-- The seyahatname of Evliya Çelebi :
-- facsimile of Topkapı Sarayı Bağdat 304/
Sorumluluk Bildirimi Evliya Çelebi ; Evliya Çelebi; giriş Fahir İz; yayınlayanlar Şinasi Tekin, Gönül Alpay Tekin.
264 #1 - ÜRERİM, YAYIN, DAĞITIM ve TELİF BİLDİRİMİ
Yayın yeri [Cambridge, Massachusetts :
Yayınlayan Harvard Üniversitesi Yakındoğu Dilleri ve Medeniyetleri Bölümü
Yayın tarihi 1993
300 ## - FİZİKSEL TANIMLAMA
Sayfa, Cilt vb. 3 cilt :
Diğer fiziki detaylar tıpkıbasım ;
Boyutları 28 cm.
336 ## - İÇERİK TÜRÜ
Content type term metin
Content type code txt
Source rdacontent
337 ## - MEDYA TÜRÜ
Media type term aracısız
Media type code n
Source rdamedia
338 ## - TAŞIYICI TÜRÜ
Carrier type term cilt
Carrier type code nc
Source rdacarrier
490 1# - DİZİ BİLDİRİMİ
Dizi Bildirimi Doğu dilleri ve edebiyatlarının kaynakları ;
Cilt Numarası 11-12, 19.
490 1# - DİZİ BİLDİRİMİ
Dizi Bildirimi Türkçe kaynaklar ;
Cilt Numarası 9-10, 17 =
Dizi Bildirimi Sources of Oriental languages and literatures ;
Cilt Numarası 11, 12 19.
490 1# - DİZİ BİLDİRİMİ
Dizi Bildirimi Turkish sources ;
Cilt Numarası 9, 17
505 ## - İÇİNDEKİLER NOTU
İçindekiler Notu İçindekiler : c.1 Istanbul, Topkapı Sarayı Bağdat 304 yazmasının tıpkıbasımı, 1.cüz: v. 1a-106a-- c.2 İstanbul, Dizin, Topkapı Sarayı Bağdat 304 yazmasının tıpkıbasım neşrine göre hazırlanmıştır 1. cüz: A-Ğ -- c.3 Istanbul, Topkapı Sarayı Bağdat 304 yazmasının tıpkıbasımı, 2.cüz: v. 106b-217b.
650 #0 - KONU BAŞLIĞI EK GİRİŞ - KONU TERİMİ
Konusal terim veya coğrafi ad Evliya Çelebi, 1611? -1682?--Yolculuklar--Türkiye.
9 (RLIN) 124303
650 #0 - KONU BAŞLIĞI EK GİRİŞ - KONU TERİMİ
Konusal terim veya coğrafi ad İstanbul (Türkiye)--Açıklama ve seyahat.
9 (RLIN) 124304
650 #0 - KONU BAŞLIĞI EK GİRİŞ - KONU TERİMİ
Konusal terim veya coğrafi ad Evliya Çelebi, 1611-1682--Journeys.
9 (RLIN) 26787
650 #0 - KONU BAŞLIĞI EK GİRİŞ - KONU TERİMİ
Konusal terim veya coğrafi ad Voyages and travels--Early works to 1800.
9 (RLIN) 13858
650 #0 - KONU BAŞLIĞI EK GİRİŞ - KONU TERİMİ
Konusal terim veya coğrafi ad Istanbul (Turkey)--Description and travel.
9 (RLIN) 26976
830 1# - SERİ EK GİRİŞİ - TEKBİÇİM ESER ADI
Tekbiçim Başlık Doğu dilleri ve edebiyatlarının kaynakları ;
Volume number/sequential designation 11-12, 19.
9 (RLIN) 85097
830 1# - SERİ EK GİRİŞİ - TEKBİÇİM ESER ADI
Tekbiçim Başlık Türkçe kaynaklar ;
Volume number/sequential designation 9-10, 17 =
Tekbiçim Başlık Sources of Oriental languages and literatures ;
Volume number/sequential designation 11, 12 19.
9 (RLIN) 124189
830 1# - SERİ EK GİRİŞİ - TEKBİÇİM ESER ADI
Tekbiçim Başlık Turkish sources ;
Volume number/sequential designation 9, 17
9 (RLIN) 124190
907 ## - LOCAL DATA ELEMENT G, LDG (RLIN)
a Seyahatname
942 ## - EK GİRİŞ ÖGELERİ (KOHA)
Source of classification or shelving scheme Library of Congress Classification
Koha item type Book
Holdings
Materyal Türü Kalıcı Konum Mevcut Konum Raf Yeri Sınıflandırma Kaynağı Edinim Bilgisi Ana Konular Alt Konular Yer Numarası Cilt Bilgisi Demirbaş Numarası Fatura Tarihi Geri Çekilme Durumu Kayıp Durumu Hasarlı Durumu Kredi için değil Kayıt Tarih Toplam Ödünçverme Son Görülme Tarihi Son Kontrol Tarihi Genel / Bağış Notu
Book Prof. Dr. Azmi Özcan Kütüphanesi Prof. Dr. Azmi Özcan Kütüphanesi Uluğbey Salonu Library of Congress Classification Bağış COĞRAFYA, ANTROPOLOJİ, REKREASYON Coğrafya (Genel), Atlaslar, Haritalar G460 .E95 1993 c.2 0065994 02/02/2026         04/03/2021   05/03/2025 05/03/2025 Millet Kütüphanesi [Cumhurbaşkanlığı Külliyesi]